|
|
|
|
| LEADER |
00000nas a2200000 a 4500 |
| 001 |
ssj0000559530 |
| 003 |
WaSeSS |
| 005 |
20200512172242.0 |
| 006 |
m d |
| 007 |
cr n |
| 008 |
110816c20119999ua ar s 0 0eng |
| 010 |
|
|
|a 2011243783
|
| 016 |
7 |
|
|a 101567074
|2 DNLM
|
| 016 |
7 |
|
|a 019031560
|2 Uk
|
| 022 |
|
|
|a 2090-312X
|l 2090-312X
|y 2090-3111
|
| 035 |
|
|
|a (WaSeSS)ssj0000559530
|
| 037 |
|
|
|b Hindawi Publishing Corporation, 410 Park Ave, 15th Fl, PMB 287, New York, NY 10022 United States
|
| 040 |
|
|
|a NLM
|b eng
|c NLM
|d TXA
|d CUS
|d OCLCF
|d OCLCO
|d CUS
|d EUW
|d OCLCO
|d OCLCQ
|d OCLCO
|d CASUM
|d ORU
|d OCLCO
|d OCLCA
|d UKMGB
|d WaSeSS
|
| 042 |
|
|
|a pcc
|
| 050 |
1 |
4 |
|a RC280.P7
|b P7415
|
| 060 |
1 |
0 |
|a W1
|
| 210 |
1 |
0 |
|a Prostate Cancer
|2 dnlm
|
| 245 |
0 |
0 |
|a Prostate cancer
|h [electronic resource].
|
| 260 |
|
|
|a [New York, NY] :
|b Hindawi Publishing Corporation,
|c [2011]-
|
| 310 |
|
|
|a Annual
|
| 362 |
1 |
|
|a Began with: Vol. 2011.
|
| 506 |
|
|
|a License restrictions may limit access.
|
| 515 |
|
|
|a Articles added consectively to current annual volume.
|
| 588 |
|
|
|a Description based on: Vol. 2011; title from PDF article running title (Hindawi Publishing Corporation, viewed Oct. 20, 2011).
|
| 588 |
|
|
|a Latest issue consulted: Vol. 2012 (Hindawi Publishing Corporation, viewed Oct. 20, 2011).
|
| 650 |
|
0 |
|a Prostate
|x Cancer
|v Periodicals.
|
| 650 |
1 |
2 |
|a Prostatic Neoplasms.
|
| 650 |
|
7 |
|a Prostate
|x Cancer.
|2 fast
|0 (OCoLC)fst01079479
|
| 655 |
|
0 |
|a Electronic journals.
|
| 776 |
0 |
8 |
|i Print version:
|t Prostate cancer
|x 2090-3111
|
| 850 |
|
|
|a DNLM
|
| 856 |
4 |
0 |
|z Full text available from Research Library: 01/01/2014 to present
|u https://search.proquest.com/publication/2037507
|